Yorkshire A-Z - Statistics

General Stats
  • This quiz has been taken 259 times
  • The average score is 15 of 26
Answer Stats
Clue Answer % Correct
A Month in which Yorkshire Day is celebrated August
95%
F English Catholic who planned the Gunpowder Plot of 1605: Guy ______ Fawkes
90%
D Town with Robin Hood Airport Doncaster
83%
S The Steel City Sheffield
83%
U Yorkshire has 12 of these higher education institutions Universities
83%
Y Staple of the traditional Sunday roast Yorkshire Pudding
82%
Z Flamingo Land in Malton is a themepark and ___ Zoo
80%
O Main river through York Ouse
71%
I Moor featured in the song "On Ilkla Moor Baht 'at" Ilkley
69%
T Race whose Grand Depart 2014 was staged in Yorkshire Tour de France
69%
L Pontefract cakes are a type of small black sweet with what flavour Liquorice
67%
W Prime minister from Huddersfield:Harold _______ Wilson
67%
J Viking name for Yorkshire Jórvík
65%
H Football stadium with the biggest seating capacity Hillsborough Stadium
57%
M The Yorkshire Sculpture Park is home to many bronzes created by this sculptor: Henry _____ Moore
57%
V Yorkshire cricketer captained England to an Ashes victory in 2005: Michael ________ Vaughan
57%
N National park containing Eskdale North York Moors
52%
B Battle where Richard III was killed Bosworth
51%
P Gingerbread cake traditionally made with black treacle Parkin
48%
R Crop grown in a triangle between Wakefield, Morley and Rothwell Rhubarb
47%
X X-men character played by Mirfield's Patrick Stewart: Charles ______ Xavier
39%
E Roman name for York Eboracum
34%
G The original Harry Ramsden's fish and chip shop is in which town Guiseley
34%
C Device invented by Halifax's Percy Shaw in 1934 Cat's Eyes
27%
Q Home of Black Dyke Mills Queensbury
24%
K The last deep coal mine in Britain Kellingley Colliery
15%
No matching quizzes found
Score Distribution
Percent of People with Each Score
Percentile by Number Answered
Your Score History
You have not taken this quiz